4-Word TV Shows by Picture Quiz Stats

 Plays Quiz Updated Nov 25, 2017

Score 0/25 Timer 06:00
3 Plays Today
Hint Answer % Correct
The Big Bang Theory
96.3%
Teenage Mutant Ninja Turtles
94%
Malcolm in the Middle
88.2%
Saved by the Bell
86.2%
Buffy the Vampire Slayer
84.8%
Sabrina the Teenage Witch
83.8%
King of the Hill
81.9%
My Name Is Earl
74.7%
Pinky and the Brain
73.3%
I Dream of Jeannie
71.3%
Sex and the City
69%
All in the Family
68.2%
Deal or No Deal
67%
Hint Answer % Correct
Leave It to Beaver
64.4%
Avatar: The Last Airbender
61.1%
The Andy Griffith Show
59%
Once Upon a Time
52.7%
Dr. Quinn, Medicine Woman
51.6%
Fresh Off the Boat
50.8%
The Facts of Life
44.2%
Clarissa Explains It All
40.6%
Wizards of Waverly Place
40.2%
Marvel's Agents of S.H.I.E.L.D.
34.9%
Days of Our Lives
20.8%
Fear the Walking Dead
11.9%

You're not logged in!

Compare scores with friends on all Sporcle quizzes.
OR
Log In

You Might Also Like...

Show Comments

Extras

Top Quizzes Today


Score Distribution

Your Account Isn't Verified!

In order to create a playlist on Sporcle, you need to verify the email address you used during registration. Go to your Sporcle Settings to finish the process.

Report this User

Report this user for behavior that violates our Community Guidelines.

Details: